LEADER 01683nas 2200409 n 450 001 990008895340403321 005 20240229084534.0 011 $a0570-1627 035 $a000889534 035 $aFED01000889534 035 $a(Aleph)000889534FED01 035 $a000889534 091 $2CNR$aP 00095139 100 $a20090724b19641981km-y0itaa50------ba 101 0 $afre 102 $aFR 110 $aauu-------- 200 1 $aAnnales de paléontologie. Vertébrés 207 1$a1964-1981 210 $aParis$cMasson 443 0$1001000889531$12001$aAnnales de paléontologie 447 0$1001000889532$12001$aAnnales de paléontologie [1982] 530 0 $aAnnales de paléontologie. Vertébrés 675 $a56 676 $a560 676 $a562 676 $a560.5 801 0$aIT$bACNP$c20090723 859 4 $uhttp://acnp.cib.unibo.it/cgi-ser/start/it/cnr/dc-p1.tcl?catno=63584&person=false&language=ITALIANO&libr=&libr_th=unina1$zBiblioteche che possiedono il periodico 901 $aSE 912 $a990008895340403321 958 $aBiblioteca del Gruppo Geomineralogico - Università degli studi di Napoli Federico II$b1964-1976;1978-1981.$c1972;1975-1976;1981.$eSc. 14$fGM1 959 $aGM1 996 $aAnnales de paléontologie. Vertébrés$9801335 997 $aUNINA AP1 8 $6866-01$aNA081 Biblioteca del Gruppo Geomineralogico - Università degli studi di Napoli Federico II$bSc. 14$elargo San Marcellino, 10, 80138 Napoli (NA)$m0812538157$nit AP2 40$aacnp.cib.unibo.it$nACNP Italian Union Catalogue of Serials$uhttp://acnp.cib.unibo.it/cgi-ser/start/it/cnr/df-p.tcl?catno=63584&language=ITALIANO&libr=&person=&B=1&libr_th=unina&proposto=NO LEADER 01439nas 2200361 n 450 001 990008972140403321 005 20240229084429.0 011 $a0018-215X 035 $a000897214 035 $aFED01000897214 035 $a(Aleph)000897214FED01 035 $a000897214 091 $2CNR$aP 00076960 100 $a20090724a19489999km-y0itaa50------ba 101 0 $aspa 102 $aES 110 $aauu-------- 200 1 $aHispania sacra 207 1$a1948- 210 $aBarcelona$cConsejo Superior de Investigaciones Cientificas. Instituto Enrique Flórez 530 0 $aHispania sacra 675 $a27 712 02$aInstituto Enrique Flórez 801 0$aIT$bACNP$c20090723 859 4 $uhttp://acnp.cib.unibo.it/cgi-ser/start/it/cnr/dc-p1.tcl?catno=50605&person=false&language=ITALIANO&libr=&libr_th=unina1$zBiblioteche che possiedono il periodico 901 $aSE 912 $a990008972140403321 958 $aBRAU. Biblioteca di Ricerca di Area Umanistica$b1951-1952;1977-$c1983;$eSPAGNA 12$fFLFBC 959 $aFLFBC 996 $aHispania sacra$9796253 997 $aUNINA AP1 8 $6866-01$aNA072 BRAU. Biblioteca di Ricerca di Area Umanistica$bSPAGNA 12$ePiazza Bellini 56/60, 80133 Napoli (NA)$m(081) 2533948$nit AP2 40$aacnp.cib.unibo.it$nACNP Italian Union Catalogue of Serials$uhttp://acnp.cib.unibo.it/cgi-ser/start/it/cnr/df-p.tcl?catno=50605&language=ITALIANO&libr=&person=&B=1&libr_th=unina&proposto=NO